| 000 | 01817nam0a2200457 4500 | ||
|---|---|---|---|
| 001 | RU\NLR\BIBL_A\011872946 | ||
| 005 | 20201218141322.0 | ||
| 010 |
_a978-5-09-065331-2 _91500 |
||
| 021 |
_aRU _bКН-П-19-028464 _9КН-П-19-2144 |
||
| 021 |
_aRU _bКН-П-23-029543 _9КН-П-23-2921 |
||
| 021 |
_aRU _bКН-П-20-050344 _9КН-П-20-3793 |
||
| 021 |
_aRU _bКН-П-19-065690 _9КН-П-19-4721 |
||
| 021 |
_aRU _bКН-П-18-084255 _9КН-П-18-6097 |
||
| 021 |
_aRU _bКН-П-21-087149 _9КН-П-21-6941 |
||
| 035 | _a(NLR Aleph) 011872946 | ||
| 035 | _a(RuMoRGB)010409277 | ||
| 035 | _a(RuMoRGB)010083879 | ||
| 035 | _a(RuMoRGB)009953823 | ||
| 035 | _a(RuMoRGB)009799081 | ||
| 090 |
_a12215246 _c12215246 |
||
| 100 | _a20181129d2019 b y0rusy50 ca | ||
| 101 | 0 | _arus | |
| 102 | _aRU | ||
| 105 | _aa j 000zy | ||
| 200 | 1 |
_aМатематика и конструирование _e4 класс _eучебное пособие для общеобразовательных организаций _fС. И. Волкова |
|
| 205 | _a15-е изд. | ||
| 210 |
_aМосква _cПросвещение _d2019 [т. е. 2018] |
||
| 215 |
_a96 с. _cил., цв. ил. _d22 |
||
| 225 | 1 | _aШкола России | |
| 225 | 1 | _aФГОС | |
| 300 | _aКн. фактически изд. в 2018 г. | ||
| 313 | _a10-е изд. 2014 г. | ||
| 333 | _a0+ | ||
| 606 | 1 |
_aМатематика _jУчебные издания для начальной школы _9922118 _3RU\NLR\AUTH\6619329 |
|
| 686 | 3 | _aВ10я711-1 | |
| 700 | 1 |
_7ca _8rus _aВолкова _bС. И. _cматематик _gСветлана Ивановна _97737 _3RU\NLR\AUTH\7724687 |
|
| 942 | _cBOOK | ||
| 980 | _aNBR | ||
| 980 | _aNB | ||